[Event "Arco Christmas op 6th"]
[Site "Arco"]
[Date "2015.12.28"]
[Round "4"]
[White "Lorenzini, Barbara"]
[Black "Lattanzi, Matteo"]
[Result "0-1"]
[WhiteElo "1121"]
[BlackElo "1698"]
[PlyCount "70"]
[EventDate "2015.12.26"]
[EventType "swiss"]
[EventRounds "7"]
[EventCountry "ITA"]
[SourceTitle "CBM 170 Extra"]
[Source "ChessBase"]
[SourceDate "2016.02.25"]
[SourceVersion "1"]
[SourceVersionDate "2016.02.25"]
[SourceQuality "1"]

1. d4 Nf6 2. Nf3 g6 3. e3 Bg7 4. Nc3 d6 5. Bb5+ c6 6. Bd3 0-0 7. 0-0 Nbd7 8. h3 e5 9. dxe5 dxe5 10. e4 Nc5 11. Bg5 Qb6 12. Nxe5 Qxb2 13. Qd2 Nfxe4 14. Bxe4 Nxe4 15. Nxe4 Qxe5 16. Rfe1 Qc7 17. Nf6+ Kh8 18. Ne8 Qd7 19. Qxd7 Bxd7 20. Nxg7 Kxg7 21. Rad1 Be6 22. a3 Rfe8 23. g4 Bd5 24. Rf1 f6 25. Bf4 Re2 26. c3 Rc2 27. Rc1 Rxc1 28. Rxc1 Re8 29. g5 b5 30. gxf6+ Kxf6 31. Kh2 Re2 32. Kg1 Ke6 33. Ra1 Rc2 34. a4 Rxc3 35. axb5 Rxh3 0-1

[Event "Porto Sant Elpidio op 18th"]
[Site "Porto Sant Elpidio"]
[Date "2015.11.22"]
[Round "3"]
[White "Lattanzi, Matteo"]
[Black "Padovani, Alessio"]
[Result "1/2-1/2"]
[WhiteElo "1734"]
[BlackElo "1895"]
[PlyCount "163"]
[EventDate "2015.11.21"]
[EventType "swiss"]
[EventRounds "6"]
[EventCountry "ITA"]
[SourceTitle "EXT 2018"]
[Source "ChessBase"]
[SourceDate "2017.10.13"]
[SourceVersion "1"]
[SourceVersionDate "2017.10.13"]
[SourceQuality "1"]

1. e4 e5 2. Nf3 f5 3. Bc4 fxe4 4. Nxe5 Qg5 5. Ng4 Nf6 6. Ne3 d5 7. Bf1 Bd6 8. d3 exd3 9. Qxd3 Qe5 10. Be2 0-0 11. Nd2 c6 12. Ndc4 dxc4 13. Nxc4 Bb4+ 14. c3 Bxc3+ 15. bxc3 Qe4 16. 0-0 Qxd3 17. Bxd3 Be6 18. Re1 Bf7 19. Ne5 Rd8 20. Bc2 c5 21. Nxf7 Kxf7 22. Bb3+ Kf8 23. Be3 b6 24. Rad1 Nc6 25. Bf4 Rxd1 26. Rxd1 Ne8 27. Rd7 Nd8 28. Bg5 Nf6 29. Bxf6 gxf6 30. Rxh7 b5 31. Bd5 Rb8 32. Rxa7 b4 33. cxb4 Rxb4 34. g3 Rd4 35. Bf3 Ne6 36. Ra6 Ke7 37. h4 Rd8 38. Ra8 Rd7 39. Bg4 Rc7 40. Bxe6 Kxe6 41. Kf1 Kd5 42. Ke2 Kc4 43. Kd2 Rd7+ 44. Kc2 Re7 45. Rd8 Ra7 46. Kb2 Rb7+ 47. Kc1 Kc3 48. Rd6 Re7 49. Kd1 c4 50. h5 f5 51. h6 Kb2 52. Rd2+ Kc3 53. a4 Kb4 54. a5 Kb3 55. Kc1 c3 56. Rd1 Ra7 57. Rd5 Re7 58. a6 Re1+ 59. Rd1 Re2 60. Rd3 Ra2 61. Kd1 Rxa6 62. Rd7 Ra1+ 63. Ke2 Ra2+ 64. Ke1 Ra6 65. Kd1 Rxh6 66. Rb7+ Kc4 67. Rc7+ Kd4 68. Rd7+ Ke4 69. f3+ Kxf3 70. Rd3+ Kf2 71. Rxc3 Rh1+ 72. Kd2 Rh5 73. Kd1 Rg5 74. Rc5 Kxg3 75. Ke2 Rh5 76. Rc3+ Kg2 77. Rf3 Rg5 78. Rf1 Kh3 79. Rh1+ Kg4 80. Rg1+ Kf4 81. Rxg5 Kxg5 82. Kf3 1/2-1/2